Europawahlgesetz. Bundeswahlgesetz. Europawahlordnung

Enregistré dans:
Détails bibliographiques
Format: Livre
Langue:allemand
Publié: München Jehle 1989
Édition:4. Aufl.
Sujets:
Tags: Ajouter un tag
Pas de tags, Soyez le premier à ajouter un tag!

MARC

LEADER 00000nam a2200000 4500
001 c000659
005 20221215125317.0
020 |a 3-7825-0259-0 
041 0 |a ger 
044 |a DE 
245 1 0 |a Europawahlgesetz. Bundeswahlgesetz. Europawahlordnung 
250 |a 4. Aufl. 
264 1 |a München  |b Jehle  |c 1989 
300 |a 57 s. 
610 2 0 |a voľby 
610 2 0 |a Európsky parlament 
610 2 0 |a Nemecko 
610 2 0 |a politika 
610 2 0 |a parlamenty